ESOPs - Nur Vorteile? Stellungnahme zum Beitrag von Andreas G. Zetzsche: ESOP - Ein steuerbegunstigtes Finanzierungs- und Mitarbeiter-Beteiligungsmodell aus den USA (ZfB, 61.Jg.1991, H.8, S.833-847).
Autor polemizuje s citovaným článkom, ktorý jednostranne akcentuje určité formy účasti zamestnancov podniku na financovaní buy-out a vlastné financovanie podniku. Analýza charakteru odmeňovania zamestnancov pri systéme ESOP, jeho riziká a problémy s dôchodkovým poistením. Problémy účasti cudzieho ka...
Salvato in:
| Autore principale: | |
|---|---|
| Altri autori: | |
| Natura: | Capitolo di libro |
| Lingua: | tedesco |
| Soggetti: | |
| Tags: |
Nessun Tag, puoi essere il primo ad aggiungerne!!
|
MARC
| LEADER | 00000naa a2200000 4500 | ||
|---|---|---|---|
| 001 | r009577 | ||
| 005 | 20221130113346.4 | ||
| 041 | 0 | |a ger | |
| 044 | |a DE | ||
| 245 | 1 | 0 | |a ESOPs - Nur Vorteile? |b Stellungnahme zum Beitrag von Andreas G. Zetzsche: ESOP - Ein steuerbegunstigtes Finanzierungs- und Mitarbeiter-Beteiligungsmodell aus den USA (ZfB, 61.Jg.1991, H.8, S.833-847). |c H. Wächter, Th. Koch |
| 520 | |a Autor polemizuje s citovaným článkom, ktorý jednostranne akcentuje určité formy účasti zamestnancov podniku na financovaní buy-out a vlastné financovanie podniku. Analýza charakteru odmeňovania zamestnancov pri systéme ESOP, jeho riziká a problémy s dôchodkovým poistením. Problémy účasti cudzieho kapitálu v podnikoch ESOP-u. Vplyv ESOP-u na pracovné vzťahy a personálnu politiku. | ||
| 610 | 2 | 0 | |a ESOP |
| 610 | 2 | 0 | |a účasť na zisku |
| 610 | 2 | 0 | |a zamestnanci |
| 610 | 2 | 0 | |a financovanie podnikov |
| 610 | 2 | 0 | |a odmeňovanie |
| 610 | 2 | 0 | |a riziko |
| 610 | 2 | 0 | |a poistenie dôchodkové |
| 610 | 2 | 0 | |a vzťahy pracovné |
| 610 | 2 | 0 | |a politika personálna |
| 610 | 2 | 0 | |a kapitál |
| 100 | 1 | |a Wächter, H. | |
| 700 | 1 | |a Koch, Th. | |